[Event "Isle of Man Masters"]
[Site "Douglas IMN"]
[Date "2017.09.23"]
[EventDate "2017.09.23"]
[Round "1.2"]
[Result "1-0"]
[White "Fabiano Caruana"]
[Black "Vladimir Kramnik"]
[WhiteElo "2799"]
[BlackElo "2803"]
[PlyCount "133"]

1. c4 e6 2. Nc3 d5 3. d4 Nf6 4. cxd5 exd5 5. Bg5 c6 6. Qc2 h6
7. Bh4 Be7 8. e3 O-O 9. Bd3 Re8 10. Nge2 Nh5 11. Bxe7 Qxe7
12. h3 a5 13. a3 Nd7 14. Na4 Qh4 15. g3 Qd8 16. g4 Nhf6
17. Ng3 Nf8 18. O-O-O b6 19. Kb1 Bd7 20. Nf5 c5 21. dxc5 Bxa4
22. Qxa4 bxc5 23. Bb5 Re6 24. Qc2 Rb6 25. a4 Ne6 26. h4 Nc7
27. Qxc5 Nxb5 28. axb5 Qb8 29. g5 Rxb5 30. Qc2 Ne4 31. Ne7+
Kh8 32. Rxd5 Rxd5 33. Nxd5 Qe5 34. Rd1 Rd8 35. Rd4 Rxd5
36. Rxe4 Rd1+ 37. Ka2 Qd5+ 38. Qc4 hxg5 39. hxg5 Kh7 40. Qxd5
Rxd5 41. f4 Kg6 42. Rd4 Rb5 43. Ka3 Kf5 44. b3 f6 45. Ka4 Rb7
46. Rc4 Ra7 47. Rc5+ Ke4 48. Rxa5 Re7 49. gxf6 gxf6 50. Ra6
Kf5 51. Rd6 Ra7+ 52. Kb5 Rb7+ 53. Kc4 Rc7+ 54. Kd4 Rb7 55. e4+
Kxf4 56. Rxf6+ Kg5 57. Rf5+ Kg4 58. Kc4 Re7 59. Rd5 Kf4 60. e5
Kf5 61. b4 Ke6 62. b5 Ra7 63. b6 Rb7 64. Rb5 Kd7 65. Kd5 Kc8
66. e6 Kd8 67. Kc6 1-0

[Event "Isle of Man Masters"]
[Site "Douglas IMN"]
[Date "2017.09.24"]
[EventDate "2017.09.23"]
[Round "2.2"]
[Result "1/2-1/2"]
[White "Nikolas Lubbe"]
[Black "Fabiano Caruana"]
[WhiteElo "2515"]
[BlackElo "2799"]
[PlyCount "88"]

1. d4 Nf6 2. c4 e6 3. Nc3 Bb4 4. e3 b6 5. Bd3 Bb7 6. Nf3 O-O
7. O-O d5 8. cxd5 exd5 9. a3 Bd6 10. b4 Nbd7 11. Qb3 a6 12. a4
Re8 13. Ba3 Qe7 14. b5 c6 15. bxc6 Bxc6 16. Rfc1 g6 17. h3 Bb7
18. Bxd6 Qxd6 19. a5 b5 20. Bxb5 axb5 21. Nxb5 Qe7 22. Nc7 Ba6
23. Nxe8 Qxe8 24. Rc6 Kg7 25. Qa4 Qb8 26. Rcc1 Ra7 27. Rab1
Qe8 28. Ra1 Qe7 29. Qc6 h6 30. Nd2 Bb7 31. Qb5 Ba6 32. Qc6 h5
33. Nb3 Bc4 34. Nd2 Bd3 35. Qc8 Ne4 36. Nxe4 Bxe4 37. f3 Bd3
38. Kf2 Bc4 39. Rcb1 h4 40. Qc6 Ra6 41. Qc7 Re6 42. Rb7 Ba6
43. Rb3 Kh7 44. Rab1 Kg7 1/2-1/2

[Event "Isle of Man Masters"]
[Site "Douglas IMN"]
[Date "2017.09.25"]
[EventDate "2017.09.23"]
[Round "3.11"]
[Result "1-0"]
[White "Fabiano Caruana"]
[Black "Prasanna Vasanthan Vishnu"]
[WhiteElo "2799"]
[BlackElo "2543"]
[PlyCount "110"]

1. e4 c5 2. Nf3 d6 3. d4 cxd4 4. Nxd4 Nf6 5. Nc3 Nc6 6. Bg5 e6
7. Qd2 Be7 8. O-O-O O-O 9. Nb3 a5 10. a4 d5 11. Bb5 Nb4 12. e5
Nd7 13. Bxe7 Qxe7 14. f4 Nc5 15. Nxc5 Qxc5 16. g4 b6 17. Rhf1
Bb7 18. f5 f6 19. exf6 Rxf6 20. fxe6 Rxe6 21. Kb1 Rd8 22. Rf4
Bc6 23. Bxc6 Qxc6 24. h4 Re5 25. g5 Rde8 26. Rd4 Qe6 27. h5
Qf5 28. Rg1 Re3 29. h6 Rf3 30. Qd1 Rf2 31. Rd2 Rxd2 32. Qxd2
d4 33. Na2 Nxa2 34. Kxa2 Qe6+ 35. Kb1 Qe3 36. Qd1 Re5 37. hxg7
Kxg7 38. Ka2 Rxg5 39. Re1 Qf4 40. Re7+ Kh8 41. Qh1 Qf5
42. Qa8+ Rg8 43. Qc6 Rg7 44. Re1 Qf7+ 45. b3 Rg6 46. Re8+ Kg7
47. Qe4 Qf6 48. Qb7+ Kh6 49. Re7 Qc6 50. Rxh7+ Kg5 51. Qe7+
Rf6 52. Qg7+ Kf4 53. Rh4+ Ke5 54. Qg5+ Ke6 55. Qxf6+ Kd5 1-0

[Event "Isle of Man Masters"]
[Site "Douglas IMN"]
[Date "2017.09.26"]
[EventDate "2017.09.23"]
[Round "4.3"]
[Result "1/2-1/2"]
[White "Nils Grandelius"]
[Black "Fabiano Caruana"]
[WhiteElo "2653"]
[BlackElo "2799"]
[PlyCount "68"]

1. e4 e5 2. Nf3 Nc6 3. Bb5 Nf6 4. d3 Bc5 5. c3 O-O 6. Bg5 h6
7. Bh4 Be7 8. O-O d6 9. Bg3 Bg4 10. h3 Bh5 11. Nbd2 Nd7 12. d4
exd4 13. Bxc6 bxc6 14. cxd4 c5 15. Qc2 Bg6 16. Rfe1 Re8
17. Rac1 a5 18. dxc5 Nxc5 19. Nb3 Nxb3 20. Qxb3 Rb8 21. Qc3
Rb5 22. b3 Rc5 23. Qd4 Rxc1 24. Rxc1 Bf8 25. Nd2 c5 26. Qd5
Qf6 27. Re1 Qe6 28. Re3 Qxd5 29. exd5 Rxe3 30. fxe3 a4 31. e4
axb3 32. axb3 Be7 33. Kf2 Bg5 34. Nf3 Bxe4 1/2-1/2

[Event "Isle of Man Masters"]
[Site "Douglas IMN"]
[Date "2017.09.27"]
[EventDate "2017.09.23"]
[Round "5.4"]
[Result "1-0"]
[White "Fabiano Caruana"]
[Black "Jeffery Xiong"]
[WhiteElo "2799"]
[BlackElo "2633"]
[PlyCount "63"]

1. Nf3 Nf6 2. c4 e6 3. Nc3 d5 4. d4 c5 5. cxd5 Nxd5 6. e4 Nxc3
7. bxc3 cxd4 8. cxd4 Bb4+ 9. Bd2 Bxd2+ 10. Qxd2 O-O 11. Bc4 b6
12. d5 Ba6 13. Bxa6 Nxa6 14. d6 Nc5 15. e5 Qd7 16. O-O Rad8
17. Rad1 Qa4 18. Rfe1 f6 19. Qe2 fxe5 20. Nxe5 Rf4 21. d7 h6
22. g3 Rf5 23. Rd6 Rxe5 24. Qxe5 Rxd7 25. Rxd7 Qxd7 26. Qe2
Qd4 27. Rd1 Qf6 28. h4 Kh8 29. h5 Qg5 30. Qf3 Kh7 31. Rd4 Qe5
32. Rd8 1-0

[Event "Isle of Man Masters"]
[Site "Douglas IMN"]
[Date "2017.09.28"]
[EventDate "2017.09.23"]
[Round "6.2"]
[Result "1/2-1/2"]
[White "Emil Davidovich Sutovsky"]
[Black "Fabiano Caruana"]
[WhiteElo "2683"]
[BlackElo "2799"]
[PlyCount "110"]

1. e4 c6 2. d4 d5 3. Nc3 dxe4 4. Nxe4 Bf5 5. Ng3 Bg6 6. h4 h6
7. Nf3 e6 8. Ne5 Bh7 9. Bd3 Bxd3 10. Qxd3 Nd7 11. Bf4 Qa5+
12. c3 Ngf6 13. O-O Be7 14. Nc4 Qd5 15. Ne3 Qb5 16. c4 Qa5
17. b4 Qd8 18. d5 Nf8 19. h5 exd5 20. Nef5 Ne6 21. Be5 O-O
22. Nxh6+ gxh6 23. Nf5 Ng7 24. Nxh6+ Kh8 25. Nf5 dxc4 26. Qf3
Qd3 27. Qxd3 cxd3 28. Nxe7 Nfxh5 29. g4 Rfe8 30. Rae1 Kh7
31. Bxg7 Kxg7 32. gxh5 Kf6 33. Re3 Rxe7 34. Rxd3 Re5 35. Rf3+
Ke6 36. Rh3 Rh8 37. h6 Rg5+ 38. Kh2 Rg6 39. Re1+ Kd7 40. Rd1+
Kc7 41. h7 Rg7 42. Rdd3 b5 43. Rdf3 Rgxh7 44. Rxh7 Rxh7+
45. Kg3 Kb6 46. Rf6 Rh1 47. Rxf7 Rg1+ 48. Kh4 Ra1 49. f4 Rxa2
50. f5 a5 51. bxa5+ Rxa5 52. Rf8 b4 53. Kg4 Kc7 54. f6 Kd7
55. Rc8 Ke6 1/2-1/2

[Event "Isle of Man Masters"]
[Site "Douglas IMN"]
[Date "2017.09.29"]
[EventDate "2017.09.23"]
[Round "7.2"]
[Result "1-0"]
[White "Fabiano Caruana"]
[Black "Gawain Jones"]
[WhiteElo "2799"]
[BlackElo "2668"]
[PlyCount "63"]

1. e4 e5 2. Nf3 Nc6 3. Bb5 a6 4. Ba4 Nf6 5. O-O b5 6. Bb3 Bc5
7. c3 d6 8. a4 Rb8 9. d4 Bb6 10. a5 Ba7 11. h3 O-O 12. Be3 Ra8
13. Re1 h6 14. Nbd2 exd4 15. cxd4 Nb4 16. e5 Nfd5 17. Ne4 Nxe3
18. Rxe3 Bb7 19. e6 Nd5 20. exf7+ Kh8 21. Re1 Rxf7 22. Rc1 Rc8
23. Nfg5 Rf5 24. Ne6 Qd7 25. Qg4 Qf7 26. Rxc7 Rxc7 27. Nxd6
Rxf2 28. Nxc7 Qf6 29. Nxd5 Qxd4 30. Qxd4 Bxd4 31. Re4 Ba7
32. Nb6 1-0

[Event "Isle of Man Masters"]
[Site "Douglas IMN"]
[Date "2017.10.01"]
[EventDate "2017.09.23"]
[Round "9.6"]
[Result "0-1"]
[White "Varuzhan Eduardovich Akobian"]
[Black "Fabiano Caruana"]
[WhiteElo "2662"]
[BlackElo "2799"]
[PlyCount "86"]

1. d4 d6 2. Nf3 Nf6 3. c4 g6 4. Nc3 Bf5 5. d5 Bg7 6. Nd4 Bd7
7. e4 O-O 8. Be2 e6 9. Bg5 h6 10. Be3 exd5 11. exd5 Re8
12. Qd2 Kh7 13. O-O-O Na6 14. h4 Nc5 15. h5 g5 16. f3 Kg8
17. g4 Rb8 18. Rhe1 c6 19. Kb1 cxd5 20. cxd5 a6 21. Bd3 Nxd3
22. Qxd3 Rc8 23. Nde2 b5 24. Ng3 Rc4 25. Bd2 Rf8 26. Nf5 Bxf5
27. Qxf5 b4 28. Ne2 Nd7 29. Rc1 Rxc1+ 30. Rxc1 a5 31. Ng3 Re8
32. Re1 Nc5 33. Rxe8+ Qxe8 34. b3 a4 35. Bxb4 axb3 36. axb3
Qb8 37. Bxc5 dxc5 38. Ne4 Qxb3+ 39. Kc1 Bd4 40. Kd2 c4
41. Qc8+ Kg7 42. d6 Qd3+ 43. Kc1 Be3+ 0-1

[Event "London Chess Classic"]
[Site "London ENG"]
[Date "2017.12.03"]
[EventDate "2017.11.29"]
[Round "2"]
[Result "1/2-1/2"]
[White "Fabiano Caruana"]
[Black "Levon Aronian"]
[WhiteElo "2799"]
[BlackElo "2805"]
[PlyCount "61"]

1. e4 e5 2. Nf3 Nc6 3. Bb5 a6 4. Ba4 Nf6 5. O-O Be7 6. d3 b5
7. Bb3 d6 8. a3 O-O 9. Nc3 Bg4 10. Be3 Nd4 11. Bxd4 exd4
12. Nd5 Nxd5 13. Bxd5 Rc8 14. Bc6 Bf6 15. a4 Rb8 16. h3 Be6
17. axb5 axb5 18. Qd2 Rb6 19. Bd5 Bxd5 20. exd5 b4 21. b3 Rb5
22. Ra4 Qb8 23. Re1 Qb6 24. Re4 Qc5 25. g4 g6 26. Kg2 Bg7
27. Re7 Bf6 28. Re4 Bg7 29. Re7 Bf6 30. Re2 Bg7 31. Re7
1/2-1/2

[Event "London Chess Classic"]
[Site "London ENG"]
[Date "2017.12.04"]
[EventDate "2017.11.29"]
[Round "3"]
[Result "1/2-1/2"]
[White "Ian Nepomniachtchi"]
[Black "Fabiano Caruana"]
[WhiteElo "2729"]
[BlackElo "2799"]
[PlyCount "61"]

1. Nf3 d5 2. g3 g6 3. Bg2 Bg7 4. O-O e5 5. d3 Ne7 6. e4 O-O
7. exd5 Nxd5 8. Re1 Nc6 9. Nc3 Nde7 10. Rb1 a5 11. a3 Re8
12. b4 axb4 13. axb4 Nf5 14. b5 Ncd4 15. Nd2 Ra7 16. Nde4 h6
17. Nd5 Ra5 18. c4 c6 19. bxc6 bxc6 20. Nb6 Qc7 21. Bd2 Ra2
22. Nc3 Ra6 23. Nxc8 Rxc8 24. Ne2 Nxe2+ 25. Rxe2 Nd4 26. Re1
Rd8 27. Bc3 Ra2 28. Ra1 Rxa1 29. Bxa1 Qb6 30. Qa4 Nb3 31. Be4
1/2-1/2

[Event "London Chess Classic (Tiebreaks)"]
[Site "London ENG"]
[Date "2017.12.11"]
[EventDate "2017.12.11"]
[Round "1"]
[Result "1/2-1/2"]
[White "Ian Nepomniachtchi"]
[Black "Fabiano Caruana"]
[WhiteElo "2729"]
[BlackElo "2799"]
[PlyCount "125"]

1. Nf3 d5 2. g3 g6 3. Bg2 Bg7 4. O-O e5 5. d3 Ne7 6. e4 O-O
7. exd5 Nxd5 8. Re1 Nc6 9. Nc3 Nde7 10. Rb1 a5 11. a3 a4
12. Re4 Nd5 13. Bd2 Bf5 14. Re1 Nb6 15. Qc1 Re8 16. Bh6 f6
17. Ne4 Qe7 18. h4 Bg4 19. Nh2 Be6 20. Be3 Nd7 21. Nc3 Qf7
22. Nb5 Nf8 23. c4 Red8 24. Qc2 Rd7 25. Nc3 Bf5 26. Bd5 Rxd5
27. cxd5 Ne7 28. g4 Bd7 29. d4 Nxd5 30. dxe5 Bc6 31. Ne4 fxe5
32. Ng5 Qf6 33. Rbd1 h6 34. Ne4 Qf7 35. g5 h5 36. Qc4 Re8
37. Nf1 Re7 38. Nfg3 Rd7 39. Nc3 Qe6 40. Rd2 Kf7 41. Red1 Nxe3
42. Rxd7+ Nxd7 43. Qxe6+ Kxe6 44. fxe3 Bf8 45. Nge4 Be7
46. Kf2 Nb6 47. Nd2 Nd7 48. Nc4 b6 49. Nd2 Nc5 50. Ke2 Bb7
51. e4 Ba6+ 52. Kf3 Bd6 53. Nf1 Bc4 54. Ne3 Bb3 55. Rd2 c6
56. Nf1 Ke7 57. Ng3 Ne6 58. Nge2 b5 59. Nd1 Bc5 60. Ne3 Bb6
61. Nc1 Nd4+ 62. Kg3 Be6 63. Rd3 1/2-1/2

[Event "London Chess Classic (Tiebreaks)"]
[Site "London ENG"]
[Date "2017.12.11"]
[EventDate "2017.12.11"]
[Round "2"]
[Result "1/2-1/2"]
[White "Fabiano Caruana"]
[Black "Ian Nepomniachtchi"]
[WhiteElo "2799"]
[BlackElo "2729"]
[PlyCount "64"]

1. e4 c5 2. Nc3 d6 3. Nge2 Nf6 4. g3 g6 5. Bg2 Bg7 6. d3 Nc6
7. a3 Rb8 8. Rb1 O-O 9. O-O b5 10. b4 a6 11. h3 Nd7 12. Be3
Bb7 13. Qd2 Nd4 14. f4 e6 15. Bf2 f5 16. Nxd4 cxd4 17. Ne2 e5
18. c3 fxe4 19. dxe4 Nf6 20. cxd4 Nxe4 21. Qd3 Nxf2 22. Rxf2
Qb6 23. Rd1 Kh8 24. Bxb7 Rxb7 25. dxe5 dxe5 26. Qd6 Qa7
27. Rd5 Rbf7 28. Qc5 Qb7 29. Rd1 Rc7 30. Qe3 Rcf7 31. Rdf1 Qc7
32. fxe5 Rxf2 1/2-1/2

[Event "London Chess Classic (Tiebreaks)"]
[Site "London ENG"]
[Date "2017.12.11"]
[EventDate "2017.12.11"]
[Round "3"]
[Result "1/2-1/2"]
[White "Ian Nepomniachtchi"]
[Black "Fabiano Caruana"]
[WhiteElo "2729"]
[BlackElo "2799"]
[PlyCount "134"]

1. Nf3 Nf6 2. g3 g6 3. Bg2 Bg7 4. O-O O-O 5. c4 c6 6. b3 d6
7. d4 e5 8. dxe5 dxe5 9. Bb2 e4 10. Qxd8 Rxd8 11. Ng5 Bf5
12. Nc3 h6 13. Ncxe4 Nxe4 14. Bxg7 hxg5 15. Be5 Nd7 16. Bc7
Rdc8 17. Ba5 b6 18. Be1 g4 19. Rd1 Re8 20. f3 gxf3 21. exf3
Nec5 22. Bc3 Re2 23. g4 Be6 24. Rf2 Rxf2 25. Kxf2 a5 26. h4 f6
27. Rd6 Rc8 28. a3 Kf7 29. b4 axb4 30. axb4 Na4 31. Be1 Nb2
32. Bf1 Ne5 33. c5 bxc5 34. bxc5 Bc4 35. Bc3 Bxf1 36. Bxb2
Nd3+ 37. Kxf1 Nxb2 38. Rd4 Re8 39. Kf2 Re5 40. Rd7+ Re7
41. Rd4 Re5 42. Rd7+ Kf8 43. Rd6 Ke7 44. Rxc6 Rxc5 45. Rb6
Nd3+ 46. Ke3 Ne5 47. Rb7+ Ke6 48. Rb6+ Rc6 49. Rb3 Rd6 50. Ke4
Rc6 51. Ke3 Ra6 52. Kf2 g5 53. Kg3 gxh4+ 54. Kxh4 Ra1 55. Rb6+
Kf7 56. Rb3 Rg1 57. Kh3 Kg6 58. Kh2 Rd1 59. Kg3 Rd3 60. Rxd3
Nxd3 61. f4 Nc5 62. Kf3 Kf7 63. Kg3 Ke6 64. Kh4 Nd3 65. f5+
Ke5 66. g5 fxg5+ 67. Kxg5 Nf4 1/2-1/2

[Event "London Chess Classic (Tiebreaks)"]
[Site "London ENG"]
[Date "2017.12.11"]
[EventDate "2017.12.11"]
[Round "4"]
[Result "1-0"]
[White "Fabiano Caruana"]
[Black "Ian Nepomniachtchi"]
[WhiteElo "2799"]
[BlackElo "2729"]
[PlyCount "131"]

1. e4 c5 2. Nf3 d6 3. Bb5+ Bd7 4. a4 Nc6 5. O-O g6 6. c3 Nf6
7. d4 cxd4 8. cxd4 Bg7 9. Nc3 O-O 10. h3 a6 11. Bc4 Rc8
12. Re1 Ne8 13. Bb3 Na5 14. Ba2 Nc4 15. Qd3 b5 16. axb5 axb5
17. b3 Na5 18. Nxb5 Qb6 19. Na3 Nc6 20. Nc2 Nc7 21. Be3 Qb5
22. Qd2 d5 23. e5 Bf5 24. Rec1 Ne6 25. Nce1 Be4 26. Nh2 Nb4
27. Rxc8 Rxc8 28. Bb1 h5 29. Nhf3 Nc6 30. Bc2 Bxc2 31. Qxc2
Rb8 32. Nd3 Bf8 33. Rb1 Ng7 34. Nc5 Nf5 35. e6 Bg7 36. exf7+
Kxf7 37. Nd7 Ncxd4 38. Nde5+ Bxe5 39. Nxe5+ Ke6 40. Bxd4 Nxd4
41. Qxg6+ Kxe5 42. Re1+ Ne2+ 43. Kf1 Kd4 44. Rxe2 e5 45. Qg3
e4 46. Qe3+ Ke5 47. Kg1 Qxb3 48. Qg5+ Ke6 49. Qg6+ Kd7 50. Rd2
h4 51. Qf5+ Kc6 52. Qf6+ Kc5 53. Qd4+ Kc6 54. Qf6+ Kc5
55. Qxh4 Rb7 56. Qd8 Rb6 57. Qc7+ Rc6 58. Qa5+ Kd6 59. Qd8+
Kc5 60. h4 e3 61. Qe7+ Kb5 62. Qb7+ Rb6 63. Rxd5+ Kc4 64. Qf7
exf2+ 65. Kxf2 Qb2+ 66. Rd2+ 1-0

[Event "GRENKE Chess Classic"]
[Site "Baden-Baden GER"]
[Date "2019.04.27"]
[EventDate "2019.04.20"]
[Round "7.5"]
[Result "1-0"]
[White "Fabiano Caruana"]
[Black "Arkadij Naiditsch"]
[WhiteElo "2819"]
[BlackElo "2695"]
[PlyCount "65"]

1. d4 Nf6 2. c4 e6 3. g3 d5 4. Bg2 Bb4+ 5. Nd2 O-O 6. Nf3 dxc4
7. O-O b5 8. a4 c6 9. b3 c3 10. Nb1 Bb7 11. Qc2 c5 12. Nxc3
cxd4 13. Nxb5 Nc6 14. Qc4 Qe7 15. Nbxd4 Na5 16. Qb5 Rfd8
17. Bf4 Bc3 18. Rac1 a6 19. Qe5 Bxf3 20. Bxf3 Bxd4 21. Qxa5
Nd5 22. Bc7 Rd7 23. e3 Qf6 24. Bxd5 Rxd5 25. Qb4 Bb2 26. Rc2
h5 27. Qb7 Rf8 28. Qxa6 h4 29. Qc4 h3 30. Qg4 Rd3 31. b4 Rb3
32. Qxh3 Ra8 33. b5 1-0

[Event "Norway Chess"]
[Site "Stavanger NOR"]
[Date "2020.10.12"]
[EventDate "2020.10.05"]
[Round "7.1"]
[Result "0-1"]
[White "Fabiano Caruana"]
[Black "Magnus Carlsen"]
[WhiteElo "2828"]
[BlackElo "2863"]
[PlyCount "104"]

1. e4 e5 2. Nf3 Nc6 3. Bb5 Nf6 4. O-O Nxe4 5. Re1 Nd6 6. Nxe5
Be7 7. Bf1 Nxe5 8. Rxe5 O-O 9. Nc3 Ne8 10. Nd5 Bd6 11. Re1 c6
12. Ne3 Be7 13. c4 Nc7 14. b3 Bf6 15. Ba3 Re8 16. Bd6 Re6
17. c5 Ne8 18. Bc4 Nxd6 19. cxd6 Bxa1 20. Qxa1 Rxd6 21. Qe5
Re6 22. Bxe6 dxe6 23. d4 b6 24. h4 Ba6 25. Qf4 Qd7 26. Ng4 Rd8
27. Ne5 Qc7 28. Qg4 c5 29. Rc1 Qd6 30. Qh5 Qc7 31. Qg4 h6
32. b4 Rd5 33. Rc3 Qe7 34. bxc5 bxc5 35. Rg3 f5 36. Qh5 cxd4
37. Nc6 Qf7 38. Qxh6 d3 39. Qd2 Qf6 40. Nb4 Rd6 41. Nxa6 Rxa6
42. Qxd3 Rxa2 43. Qc4 Rd2 44. h5 Rd1+ 45. Kh2 Rd4 46. Qc8+ Kh7
47. Qc1 Rg4 48. Rxg4 fxg4 49. Qc5 Qf5 50. Qxa7 Qe5+ 51. g3
Qxh5+ 52. Kg1 Qf5 0-1

[Event "Norway Chess"]
[Site "Stavanger NOR"]
[Date "2020.10.16"]
[EventDate "2020.10.05"]
[Round "10.3"]
[Result "1-0"]
[White "Fabiano Caruana"]
[Black "Aryan Tari"]
[WhiteElo "2828"]
[BlackElo "2633"]
[PlyCount "75"]

1. e4 e5 2. Nf3 Nc6 3. Bb5 a6 4. Ba4 Nf6 5. O-O Be7 6. d3 b5
7. Bb3 d6 8. Bd2 O-O 9. h3 Rb8 10. Re1 h6 11. a3 Re8 12. Nc3
Bf8 13. Ne2 Be6 14. Ng3 d5 15. Qe2 dxe4 16. dxe4 Bxb3 17. cxb3
Nd4 18. Nxd4 exd4 19. b4 Nd7 20. Bf4 Rc8 21. Rad1 c5 22. bxc5
Nxc5 23. Qg4 Kh8 24. e5 Ne6 25. Nf5 Rc2 26. Nd6 Bxd6 27. exd6
Qf6 28. Bg3 Rd8 29. Bh4 g5 30. Bg3 Kh7 31. Qe4+ Qg6 32. Qb7
Rxb2 33. Qe7 Rg8 34. d7 Qh5 35. Rxe6 Qxd1+ 36. Kh2 Rb1
37. Qxf7+ Rg7 38. Qf5+ 1-0